00452nam a2200181 a 4500001001300000003000900013005001700022008004100039020002300080082001300103100001900116245002000135260004000155300000900195500003500204650001200239700001900251nice12345678IN_TiNIC20260116014934.0130523s2008 jeda grp 000 0 eng  a9780340977095c27500a823bCAR aCarre, John Le aMost Wanted Man aJeddahbHodder and Stoughton c2008 a340p aincludes index and biblioraphy aFiction1 aCarre, John Le